US States by City - Hard - Statistics

General Stats
  • This quiz has been taken 213 times
  • The average score is 30 of 50
Answers on the Map
Answers color-coded by a green-red scale on the quiz's map according to % correct below.
 
Answer Stats
City Answer % Correct
Flagstaff Arizona
91%
South Lake Tahoe California
89%
St. Augustine Florida
88%
Las Cruces New Mexico
86%
Tuscaloosa Alabama
85%
Plymouth Massachusetts
85%
Athens Georgia
84%
Bangor Maine
83%
South Bend Indiana
80%
Butte Montana
80%
Schenectady New York
75%
Youngstown Ohio
75%
Eau Claire Wisconsin
74%
Champaign Illinois
70%
Murfreesboro Tennessee
70%
Kitty Hawk North Carolina
69%
San Angelo Texas
69%
Bethesda Maryland
66%
Vicksburg Mississippi
66%
Branson Missouri
66%
Newport Rhode Island
66%
Morgantown West Virginia
65%
Grand Junction Colorado
64%
Jonesboro Arkansas
61%
Marquette Michigan
58%
Stillwater Oklahoma
58%
Spartanburg South Carolina
58%
Pearl City Hawaii
57%
Waterloo Iowa
56%
Minot North Dakota
56%
Portsmouth New Hampshire
55%
Gillette Wyoming
54%
Waterbury Connecticut
52%
Natchitoches Louisiana
48%
Boulder City Nevada
47%
Passaic New Jersey
47%
Vernal Utah
43%
Petersburg Virginia
43%
Kennewick Washington
42%
Scottsbluff Nebraska
41%
Johnstown Pennsylvania
41%
Brattleboro Vermont
40%
Elizabethtown Kentucky
39%
Moorhead Minnesota
39%
Gresham Oregon
36%
Palmer Alaska
35%
Kellogg Idaho
35%
Lenexa Kansas
35%
Slaughter Beach Delaware
30%
Box Elder South Dakota
30%
No matching quizzes found
Score Distribution
Percent of People with Each Score
Percentile by Number Answered
Your Score History
You have not taken this quiz